[Event "North Island-ch Staurt Memorial"]
[Site "Auckland"]
[Date "2023.07.14"]
[Round "3"]
[White "Zhang, Charles"]
[Black "Hooton, Barry R"]
[Result "1-0"]
[WhiteElo "1521"]
[BlackElo "1347"]
[PlyCount "56"]
[EventDate "2023.07.13"]
[EventType "swiss"]
[EventRounds "8"]
[EventCountry "NZL"]
[SourceTitle "EXT 2024"]
[Source "ChessBase"]
[SourceDate "2023.10.10"]
[SourceVersion "1"]
[SourceVersionDate "2023.10.10"]
[SourceQuality "1"]

1. d4 Nf6 2. c4 e6 3. g4 d5 4. g5 Nfd7 5. Bg2 dxc4 6. Qa4 c6 7. Qxc4 Nb6 8. Qd3 Na6 9. Nc3 Bd6 10. Ne4 Nb4 11. Qd1 Be7 12. Nf3 N4d5 13. h4 Nc4 14. Qc2 Nd6 15. a3 Nxe4 16. Qxe4 Bd6 17. Qc2 Nf4 18. Bxf4 Bxf4 19. e3 Bd6 20. h5 f6 21. h6 g6 22. 0-0-0 Bd7 23. Nd2 fxg5 24. Nc4 Be7 25. Be4 Qc7 26. Bxg6+ hxg6 27. Qxg6+ Kd8 28. Ne5 Be8 1-0

[Event "Asian-ch Seniors 65"]
[Site "Auckland"]
[Date "2022.10.19"]
[Round "8"]
[White "Lee, Wing Kin"]
[Black "Hooton, Barry R"]
[Result "1/2-1/2"]
[WhiteElo "1200"]
[BlackElo "1320"]
[PlyCount "21"]
[EventDate "2022.10.15"]
[EventType "swiss"]
[EventRounds "9"]
[EventCountry "NZL"]
[SourceTitle "EXT 2024"]
[Source "ChessBase"]
[SourceDate "2023.10.10"]
[SourceVersion "1"]
[SourceVersionDate "2023.10.10"]
[SourceQuality "1"]

1. c4 Nf6 2. Nc3 g6 3. g3 Bg7 4. Bg2 0-0 5. e4 d6 6. Nge2 e5 7. 0-0 Be6 8. d3 Nc6 9. a3 a5 10. h3 Qd7 11. Kh2 1/2-1/2

[Event "Asian-ch Seniors 65"]
[Site "Auckland"]
[Date "2022.10.18"]
[Round "6"]
[White "Cooper, Nigel"]
[Black "Hooton, Barry R"]
[Result "0-1"]
[WhiteElo "1515"]
[BlackElo "1320"]
[PlyCount "64"]
[EventDate "2022.10.15"]
[EventType "swiss"]
[EventRounds "9"]
[EventCountry "NZL"]
[SourceTitle "EXT 2024"]
[Source "ChessBase"]
[SourceDate "2023.10.10"]
[SourceVersion "1"]
[SourceVersionDate "2023.10.10"]
[SourceQuality "1"]

1. Nc3 d5 2. d4 e6 3. Bf4 Bb4 4. e3 Nf6 5. Qd3 0-0 6. a3 Bd6 7. Nf3 a6 8. Ne5 Nh5 9. Bg3 Nxg3 10. hxg3 g6 11. 0-0-0 Nd7 12. f4 Nf6 13. Be2 Bd7 14. g4 c5 15. e4 cxd4 16. Qxd4 Bc6 17. g5 Nd7 18. Nxg6 fxg6 19. Rxh7 Bxf4+ 20. Kb1 Be5 21. Qe3 Kxh7 22. Qh3+ Kg7 23. Qxe6 Bxc3 24. exd5 Qb6 25. b3 Rae8 26. Qh3 Qc5 27. Qh6+ Kf7 28. Qh7+ Bg7 29. Rf1+ Ke7 30. Qxg7+ Kd8 31. Rxf8 Qxf8 32. Qxg6 Bxd5 0-1

[Event "Asian-ch Seniors 65"]
[Site "Auckland"]
[Date "2022.10.16"]
[Round "3"]
[White "Isaac, Ceferino"]
[Black "Hooton, Barry R"]
[Result "1/2-1/2"]
[WhiteElo "1770"]
[BlackElo "1320"]
[PlyCount "58"]
[EventDate "2022.10.15"]
[EventType "swiss"]
[EventRounds "9"]
[EventCountry "NZL"]
[SourceTitle "EXT 2024"]
[Source "ChessBase"]
[SourceDate "2023.10.10"]
[SourceVersion "1"]
[SourceVersionDate "2023.10.10"]
[SourceQuality "1"]

1. d4 Nf6 2. Nf3 d5 3. g3 Bf5 4. Bg2 e6 5. 0-0 Be7 6. Nbd2 0-0 7. c4 c6 8. b3 Nbd7 9. Bb2 a5 10. Nh4 Bg6 11. a3 Re8 12. Rc1 Nf8 13. Nxg6 Nxg6 14. e4 dxe4 15. Nxe4 Nxe4 16. Bxe4 Bf6 17. Rc2 Qe7 18. Re1 Qf8 19. Rd2 Red8 20. h4 Ne7 21. Qc2 g6 22. Red1 Rac8 23. Bc3 b6 24. b4 axb4 25. axb4 Qg7 26. Kg2 h5 27. f4 Nf5 28. Bxf5 exf5 29. Rd3 Kh7 1/2-1/2

[Event "NZL-ch Seniors Spiller Memorial"]
[Site "Howick"]
[Date "2022.08.19"]
[Round "2"]
[White "Booth, Anthony"]
[Black "Hooton, Barry R"]
[Result "1/2-1/2"]
[WhiteElo "1607"]
[BlackElo "1323"]
[PlyCount "78"]
[EventDate "2022.08.18"]
[EventType "swiss"]
[EventRounds "6"]
[EventCountry "NZL"]
[SourceTitle "EXT 2024"]
[Source "ChessBase"]
[SourceDate "2023.10.10"]
[SourceVersion "1"]
[SourceVersionDate "2023.10.10"]
[SourceQuality "1"]

1. d4 Nf6 2. c4 e6 3. Nc3 d5 4. Bg5 Be7 5. e3 h6 6. Bh4 Nbd7 7. cxd5 exd5 8. Bd3 0-0 9. Qc2 c6 10. 0-0-0 b5 11. a3 a5 12. Na2 Bb7 13. Kb1 Qb6 14. Nf3 Bd6 15. Bg3 Bxg3 16. hxg3 Rfc8 17. Bf5 c5 18. Bxd7 Nxd7 19. Qf5 Nf6 20. g4 Ne4 21. Ne5 Qe6 22. Rh5 Qxf5 23. Rxf5 Rc7 24. Rh5 cxd4 25. exd4 Rac8 26. f3 Nd6 27. Rdh1 f6 28. Nd3 Rc4 29. Nc5 Rxd4 30. Nxb7 Nxb7 31. Nc3 Rd2 32. Rxd5 Rxg2 33. Rxb5 Rc7 34. Rc1 Rf2 35. Rf5 Rd7 36. Ne4 Re2 37. Rc8+ Kf7 38. Rc1 Re3 39. Ka2 Kg6 1/2-1/2

[Event "Auckland Morrison Memorial"]
[Site "Auckland"]
[Date "2020.10.25"]
[Round "3"]
[White "Tang, Tracy"]
[Black "Hooton, Barry R"]
[Result "1/2-1/2"]
[WhiteElo "1283"]
[BlackElo "1462"]
[PlyCount "69"]
[EventDate "2020.10.24"]
[EventType "swiss"]
[EventRounds "6"]
[EventCountry "NZL"]
[SourceTitle "EXT 2024"]
[Source "ChessBase"]
[SourceDate "2023.10.10"]
[SourceVersion "1"]
[SourceVersionDate "2023.10.10"]
[SourceQuality "1"]

1. d4 Nf6 2. Nf3 g6 3. Bf4 Bg7 4. e3 Nc6 5. c4 d5 6. Nc3 a6 7. Bd3 0-0 8. 0-0 e6 9. cxd5 exd5 10. Rc1 Ne7 11. Na4 c6 12. Nc5 Nh5 13. Bg3 Nxg3 14. hxg3 Qc7 15. b4 Nf5 16. a4 b5 17. axb5 axb5 18. Qb3 Nd6 19. Rc2 Nc4 20. Ra2 Rxa2 21. Qxa2 Bg4 22. Nd2 Rc8 23. Nxc4 bxc4 24. Bc2 Bf8 25. Rb1 Bxc5 26. bxc5 Bf5 27. Bxf5 gxf5 28. Rb6 Rb8 29. Qb2 Rc8 30. Rb7 Qa5 31. Rb8 Rxb8 32. Qxb8+ Kg7 33. Qe5+ Kg6 34. Qd6+ Kg7 35. Qe5+ 1/2-1/2

[Event "NZL-ch Major op"]
[Site "Tauranga"]
[Date "2020.01.21"]
[Round "8"]
[White "Hooton, Barry R"]
[Black "Thurner, Anya"]
[Result "1/2-1/2"]
[WhiteElo "1467"]
[BlackElo "1664"]
[PlyCount "107"]
[EventDate "2020.01.14"]
[EventType "swiss"]
[EventRounds "9"]
[EventCountry "NZL"]
[SourceTitle "EXT 2021"]
[Source "ChessBase"]
[SourceDate "2020.10.23"]
[SourceVersion "1"]
[SourceVersionDate "2020.10.23"]
[SourceQuality "1"]

1. d4 d5 2. c4 e6 3. Nc3 Nf6 4. Nf3 Be7 5. Bf4 b6 6. cxd5 exd5 7. e3 Be6 8. Rc1 c5 9. Bb5+ Kf8 10. 0-0 c4 11. h3 h6 12. Ba4 Kg8 13. Bh2 Kh7 14. Bc2+ g6 15. e4 dxe4 16. Nxe4 Nc6 17. Nc3 Nd5 18. a3 Nxc3 19. bxc3 Bxa3 20. Rb1 Be7 21. Be4 Bd5 22. Re1 Bd6 23. Ne5 Bxe5 24. Bxe5 Nxe5 25. Bxd5 Qxd5 26. Rxe5 Qd6 27. Qe2 Qc6 28. Rb4 Rhc8 29. d5 Qd6 30. f4 Qc5+ 31. Kh2 a5 32. Rb2 Qd6 33. Qe4 Rc7 34. g3 Rd7 35. Qxc4 f6 36. Re6 Qxd5 37. Qxd5 Rxd5 38. Rexb6 Rc5 39. Rxf6 Ra7 40. Rb3 a4 41. Ra3 Rc4 42. Rb6 Re7 43. Rb4 Ree4 44. Raxa4 Re2+ 45. Kg1 Rxb4 46. cxb4 Rb2 47. Ra7+ Kg8 48. Rb7 Kf8 49. b5 Kg8 50. h4 Kf8 51. b6 Kg8 52. Rb8+ Kg7 53. b7 Kh7 54. Kf1 1/2-1/2

[Event "Asia-ch Seniors 50 8th"]
[Site "Auckland"]
[Date "2017.10.15"]
[Round "9"]
[White "Forster, William"]
[Black "Hooton, Barry R"]
[Result "1/2-1/2"]
[WhiteElo "1959"]
[BlackElo "1540"]
[PlyCount "44"]
[EventDate "2017.10.09"]
[EventType "swiss"]
[EventRounds "9"]
[EventCountry "NZL"]
[SourceTitle "CBM 181 Extra"]
[Source "ChessBase"]
[SourceDate "2017.12.12"]
[SourceVersion "1"]
[SourceVersionDate "2017.12.12"]
[SourceQuality "1"]

1. d4 Nf6 2. c4 e5 3. dxe5 Ng4 4. Bf4 Nc6 5. Nf3 Bb4+ 6. Nc3 Bxc3+ 7. bxc3 Qe7 8. Qd5 f6 9. exf6 Nxf6 10. Qd3 d6 11. e3 0-0 12. Be2 Bd7 13. 0-0 Be8 14. Qc2 Bg6 15. Qb2 Rab8 16. Nd4 Ne5 17. Rad1 Bf7 18. Qb4 Ne4 19. Qb3 a6 20. h3 Nc5 21. Qb4 Ne4 22. Bxe5 Qxe5 1/2-1/2

[Event "Asia-ch Seniors 50 8th"]
[Site "Auckland"]
[Date "2017.10.11"]
[Round "4"]
[White "Hooton, Barry R"]
[Black "List, Robert"]
[Result "1-0"]
[WhiteElo "1540"]
[BlackElo "1582"]
[PlyCount "59"]
[EventDate "2017.10.09"]
[EventType "swiss"]
[EventRounds "9"]
[EventCountry "NZL"]
[SourceTitle "CBM 181 Extra"]
[Source "ChessBase"]
[SourceDate "2017.12.12"]
[SourceVersion "1"]
[SourceVersionDate "2017.12.12"]
[SourceQuality "1"]

1. d4 Nf6 2. c4 e5 3. dxe5 Ne4 4. Nf3 d6 5. Nbd2 Nc5 6. e3 Nc6 7. Be2 dxe5 8. 0-0 e4 9. Ne1 Qg5 10. Nb3 Bh3 11. Nxc5 Bxc5 12. Qd5 Ne5 13. Qxe4 Be6 14. f4 Qg6 15. Qxe5 Bd6 16. Qb5+ c6 17. Qxb7 0-0 18. Qxc6 Rad8 19. Qf3 Qf6 20. Kh1 g6 21. Rb1 h5 22. b3 Bg4 23. Qf2 Bf5 24. Bb2 Qe6 25. Bd3 Bb4 26. Bxf5 Qxf5 27. Nf3 Qe4 28. Rbd1 Rde8 29. Bd4 Re6 30. Ng5 1-0

[Event "Oceania zt 3.6"]
[Site "Auckland"]
[Date "2017.01.18"]
[Round "7"]
[White "Hooton, Barry R"]
[Black "Shen, Terry"]
[Result "0-1"]
[WhiteElo "1478"]
[BlackElo "1706"]
[PlyCount "96"]
[EventDate "2017.01.14"]
[EventType "swiss"]
[EventRounds "9"]
[EventCountry "NZL"]
[SourceTitle "EXT 2018"]
[Source "ChessBase"]
[SourceDate "2017.10.13"]
[SourceVersion "1"]
[SourceVersionDate "2017.10.13"]
[SourceQuality "1"]

1. d4 Nf6 2. c4 g6 3. Nc3 Bg7 4. e4 d6 5. Nf3 0-0 6. Be2 c5 7. d5 e5 8. 0-0 Nh5 9. Bd3 a6 10. a3 Qe8 11. Bd2 f5 12. Re1 f4 13. b4 b6 14. bxc5 bxc5 15. Rb1 g5 16. Nxg5 Qg6 17. Be2 Nf6 18. Ne6 Bxe6 19. dxe6 Nc6 20. Bf3 Ne8 21. Bg4 f3 22. Bxf3 Qxe6 23. Nd5 Qf7 24. Be3 Nf6 25. Nxf6+ Bxf6 26. Qxd6 Nd4 27. Bg4 Qxc4 28. Rbc1 Qd3 29. Bh6 Ne2+ 30. Bxe2 Qxd6 31. Bc4+ Kh8 32. Rcd1 Qc7 33. Bxf8 Rxf8 34. Re3 Rd8 35. Rxd8+ Qxd8 36. h3 Qd1+ 37. Kh2 Qa4 38. Bd5 Qd4 39. Rf3 Bg7 40. Rb3 Qxf2 41. Rb8+ Bf8 42. Rc8 a5 43. Rc7 Qf4+ 44. Kg1 Qc1+ 45. Kf2 Qxa3 46. Rf7 c4 47. Rf3 Qc5+ 48. Kg3 c3 0-1

[Event "North Island-ch"]
[Site "Palmerston North"]
[Date "2016.10.04"]
[Round "4"]
[White "Cooper, David J"]
[Black "Hooton, Barry R"]
[Result "1-0"]
[WhiteElo "2011"]
[BlackElo "1521"]
[PlyCount "83"]
[EventDate "2016.10.03"]
[EventType "swiss"]
[EventRounds "9"]
[EventCountry "NZL"]
[SourceTitle "EXT 2018"]
[Source "ChessBase"]
[SourceDate "2017.10.13"]
[SourceVersion "1"]
[SourceVersionDate "2017.10.13"]
[SourceQuality "1"]

1. e4 e6 2. d4 d5 3. e5 c5 4. c3 Nc6 5. Nf3 Qb6 6. Qb3 Qxb3 7. axb3 cxd4 8. cxd4 Bb4+ 9. Bd2 a6 10. Be2 Nge7 11. Bc3 Bd7 12. 0-0 Ng6 13. g3 0-0 14. h4 Nge7 15. Na3 f6 16. Nc2 Bxc3 17. bxc3 fxe5 18. Nxe5 Nxe5 19. dxe5 Nc6 20. f4 Be8 21. Rfd1 Bg6 22. Ne3 Rad8 23. Bg4 Bf7 24. Nc2 Rfe8 25. Rd2 Rd7 26. Nd4 Nxd4 27. Rxd4 Rc8 28. c4 Rc5 29. Rad1 b5 30. Kf2 bxc4 31. bxc4 h6 32. cxd5 exd5 33. Bf3 Rc2+ 34. Ke3 Rc3+ 35. R1d3 Rxd3+ 36. Rxd3 g5 37. hxg5 hxg5 38. Bxd5 gxf4+ 39. gxf4 Bxd5 40. Rxd5 Kf7 41. Ke4 Ra7 42. Ra5 1-0